LEADER 01954nam0 22003731i 450 001 UON00100037 005 20240530020622.210 010 $a34-470-2794-0$bed. 1989 010 $a978-34-470-6520-7$bed. 2011 100 $a20020107d1989 |0itac50 ba 101 $ager$aHIT 102 $aDE 105 $a||||e ||||| 200 1 $aHethitisches Zeichenlexikon$eInventar und Interpretation der Keilschriftzeichen aus den Bo?azköy-Texten$fChristel Rüster$gErich Neu 210 $aWiesbaden$cHarrassowitz$dc1989$dc2011 215 $a386 p.$d29 cm 410 1$1001UON00087612$12001 $aStudien zu den Bo?azköy-Texten$eBeiheft$fhrsg. von der Kommission für den Alten Orient der Akademie der Wissenschaften und Literatur$v2 606 $aLingua ittita$xDizionari e glossari$3UONC009648$2FI 606 $aLingua ittita$xTesti$3UONC026062$2FI 606 $aNUMERALI$xStudi$3UONC029349$2FI 620 $aDE$dWiesbaden$3UONL003153 676 $a491.998$cLingua ittita, hurrita, sumera, luvica, etc.$v21 676 $a513.2$cNumerali$v21 686 $aAN III IT$cANATOLIA - FILOLOGIA - ITTITA$2A 700 1$aRüster$bChristel$3UONV056015$00 701 1$aNeu$bErich$3UONV026855$0171179 712 $aHarrassowitz$3UONV245869$4650 801 $aIT$bSOL$c20251212$gRICA 912 $aUON00100037 950 $aSIBA - SISTEMA BIBLIOTECARIO DI ATENEO E ARCHIVIO STORICO$dSI AN III IT 022 N $eSI 51183 5 022 N 950 $aSIBA - SISTEMA BIBLIOTECARIO DI ATENEO E ARCHIVIO STORICO$dSI GLOTT B 6 IV 015 $eSI MC 14383 7 015 951 $aSIBA - SISTEMA BIBLIOTECARIO DI ATENEO E ARCHIVIO STORICO$bSI2024250 1J 20240409DDT n. 80 del 6.5.2024. 996 $aHethitisches Zeichenlexikon$94308871 997 $aUNIOR